| 000 | 01257pam a2200361 a 4500 | ||
|---|---|---|---|
| 001 | 2894690 | ||
| 003 | OSt | ||
| 005 | 20160513144925.0 | ||
| 008 | 870427s1987 enka b 001 0 eng c | ||
| 010 | _a 87012277 | ||
| 020 | _a019261650 | ||
| 040 |
_aDNLM/DLC _cDLC _dDLC |
||
| 050 | 0 | 0 |
_aRC86.8 _b.H37 1987 |
| 060 | _aWA 39 H271a | ||
| 082 | 0 | 0 |
_aWA 39 _bH271a 1987 |
| 100 | 1 |
_aHardy, R. H. _98760 |
|
| 245 | 1 | 0 |
_aAccidents and emergencies : _ba practical handbook for personal use / _cR.H. Hardy. |
| 250 |
_a5th ed. / _brev. by John Bache. |
||
| 260 |
_aOxford ; _aNew York : _bOxford University Press, _c1987. |
||
| 300 |
_axvi, 395 p. : _bill. ; _c18 cm. |
||
| 440 | 0 |
_aOxford medical publications _9860 |
|
| 500 | _aIncludes index. | ||
| 504 | _aBibliography: p. 379-381. | ||
| 650 | 0 |
_aEmergency medicine _xHandbooks, manuals, etc. _98761 |
|
| 650 | 0 |
_aAccidents _xHandbooks, manuals, etc. _98762 |
|
| 650 | 2 |
_aAccidents _xhandbooks. _98763 |
|
| 650 | 2 |
_aEmergencies _xhandbooks. _98764 |
|
| 650 | 2 |
_aFirst Aid _xhandbooks. _98765 |
|
| 700 | 1 |
_aBache, John B. _98766 |
|
| 856 | 4 | 2 |
_3Publisher description _uhttp://www.loc.gov/catdir/enhancements/fy0640/87012277-d.html |
| 906 |
_a7 _bcbc _corignew _d1 _eocip _f19 _gy-gencatlg |
||
| 942 |
_2ddc _cSLOAN |
||
| 999 |
_c4016 _d4016 |
||